[Event "Ch Sweden (master's group)"]
[Site "masterchessopen.com - Goteborg (Sweden)"]
[Round "7"]
[White "Glimbrant Torbjorn (SWE)"]
[Black "Engstrom Kaj (SWE)"]
[Result "1-0"]
[WhiteElo "2286"]
[BlackElo "2249"]

1.d4 c5 2.d5 e5 3.e4 a6 4.c4 d6 5.Nc3 Be7 6.g3 Bg5 7.Bxg5 Qxg5 8.Bh3 Bxh3
9.Nxh3 Qd8 10.O-O Ne7 11.f4 exf4 12.gxf4 Nd7 13.e5 dxe5 14.fxe5 Nxe5 15.Qh5
Qd6 16.Kh1 N7g6 17.Ng5 O-O-O 18.Nxf7 Nxf7 19.Rxf7 Rde8 20.Ne4 Qb6 21.b4 Rxe4
22.Qf5+ Kb8 23.Qxe4 Ka8 24.bxc5 Qxc5 25.Rb1 Rb8 26.d6 Qc8 27.Rc7 {#r} 1-0

[Event "It (open)"]
[Site "masterchessopen.com - Montpellier (France)"]
[Date "2005.07.03"]
[Round "1"]
[White "Flear Glenn C (ENG)"]
[Black "Gelis Dorian (FRA)"]
[Result "1-0"]
[WhiteElo "2474"]
[BlackElo "2167"]

1.d4 c5 2.d5 e5 3.c4 d6 4.Nc3 Be7 5.g3 a6 6.Nf3 Nf6 7.e4 O-O 8.Bg2 Ne8 9.O-O
Bg4 10.Qb3 Nd7 11.Ne1 Rb8 12.a4 b6 13.Nd3 Bf6 14.f3 Bh5 15.Bh3 Nc7 16.Bd2 Qe7
17.Kh1 Rfc8 18.g4 Bg6 19.g5 {#r} 1-0

[Event "Memorial Sakharov"]
[Site "masterchessopen.com - Kiev (Ukraine)"]
[Date "2005.07.05"]
[Round "2"]
[White "Baryshpolets Andrey (UKR)"]
[Black "Kosikov Andrey (UKR)"]
[Result "0-1"]
[WhiteElo "2198"]
[BlackElo "2132"]

1.d4 c5 2.d5 e5 3.e4 d6 4.Nc3 g6 5.Nf3 Bg7 6.Be2 Ne7 7.h4 h6 8.h5 g5 9.Nd2 f5
10.exf5 Bxf5 11.Nde4 O-O 12.Bg4 a6 13.Ng3 Bh7 14.Nce4 Kh8 15.Be6 Nd7 16.Nxd6
Bg8 17.Bxg8 Kxg8 18.c4 b5 19.cxb5 Nb6 20.Nde4 Nbxd5 21.bxa6 Qa5+ 22.Qd2 Qxa6
23.Ne2 Rad8 24.Nxc5 Qb6 25.Na4 Qxf2+ {#R} 0-1

[Event "It (open)"]
[Site "masterchessopen.com - Dortmund (Germany)"]
[Date "2005.07.08"]
[Round "1"]
[White "Schebler Gerhard (GER)"]
[Black "Richter Kurt (GER)"]
[Result "1-0"]
[WhiteElo "2474"]
[BlackElo "2043"]

1.d4 c5 2.d5 e5 3.Nc3 d6 4.e4 g6 5.f4 exf4 6.Bxf4 Nd7 7.Nf3 Qe7 8.Nb5 Qxe4+
9.Qe2 Qxe2+ 10.Bxe2 Kd8 11.O-O a6 12.Nxd6 Bxd6 13.Bxd6 Nh6 14.Ng5 b6 15.Rxf7
Nxf7 16.Nxf7+ Ke8 17.Nxh8 Nf6 18.Re1 Kd7 19.Nf7 Bb7 20.Bf3 Re8 21.Rxe8 Nxe8
22.Bg4# 1-0

[Event "It (open)"]
[Site "masterchessopen.com - St-Chely d'Aubrac (France)"]
[Date "2005.07.16"]
[Round "9"]
[White "Rabier Jean (FRA)"]
[Black "Ritzenthaler Stephane (FRA)"]
[Result "0-1"]
[WhiteElo "1968"]
[BlackElo "2011"]

1.d4 c5 2.d5 e5 3.dxe6 fxe6 4.e4 Nf6 5.Nc3 Nc6 6.Nf3 d5 7.exd5 exd5 8.Bg5 d4
9.Qe2+ Kf7 10.Ne4 Bd6 11.O-O-O Re8 12.Bxf6 gxf6 13.Nxd6+ Qxd6 14.Qb5 Ne5
15.Nxe5+ Rxe5 16.Bc4+ Kg7 17.Qb3 Rb8 18.Qg3+ Kh6 19.Rd3 Bf5 20.Rf3 Bg6 21.h4
Qe7 22.Kd2 Re8 23.h5 Re2+ {#R} 0-1

[Event "Ch Vietnam (team) (w)"]
[Site "masterchessopen.com - Vietnam"]
[Round "6"]
[White "Nguyen Thi Thanh An (VIE)"]
[Black "Luong Minh Hue (VIE)"]
[Result "1-0"]
[WhiteElo "2357"]
[BlackElo "2169"]

1.d4 c5 2.d5 e5 3.e4 d6 4.Nc3 Be7 5.Nf3 Nd7 6.Nd2 Nf8 7.Nc4 Ng6 8.g3 Nf6 9.Bg2
Bd7 10.a4 Kf8 11.O-O h5 12.h4 Ng4 13.f3 Bxh4 14.Ne2 Bxg3 15.fxg4 Qh4 16.Nxg3
hxg4 17.Ra3 Qh2+ 18.Kf2 Qh4 19.Ke1 Ke7 20.Qe2 Rae8 21.Qf2 f5 22.Nxf5+ Bxf5
23.Qxh4+ Nxh4 24.Bg5+ Kd7 25.Bxh4 {#r} 1-0

[Event "It (open)"]
[Site "masterchessopen.com - Aviles (Spain)"]
[Date "2005.08.09"]
[Round "4"]
[White "Hasanova Turkan (AZE)"]
[Black "Carracedo Rodriguez Andrea (ESP)"]
[Result "1-0"]
[WhiteElo "1934"]
[BlackElo "1813"]

1.d4 c5 2.d5 e5 3.c4 d6 4.Nc3 Be7 5.e4 Na6 6.Bd3 Nc7 7.a3 a6 8.b4 b6 9.Nge2
Nf6 10.O-O O-O 11.b5 axb5 12.cxb5 Nce8 13.Ng3 Nd7 14.a4 Bg5 15.Bxg5 Qxg5
16.Qc1 Qxc1 17.Rfxc1 g6 18.Nd1 f6 19.Ne3 Kf7 20.Rc2 Nc7 21.Rca2 Bb7 22.Ne2 Ke7
23.Nc3 Rfb8 24.Nc4 f5 25.f3 fxe4 26.fxe4 Ra7 27.a5 bxa5 28.b6 {#r} 1-0

[Event "Ch Croatia (juniors) (under 17-19)"]
[Site "masterchessopen.com - Bjelolasica (Croatia)"]
[Date "2005.08.14"]
[Round "1"]
[White "Glazar Domagoj (CRO)"]
[Black "Zlomislic Vinko (CRO)"]
[Result "0-1"]
[WhiteElo "1962"]
[BlackElo "2137"]

1.d4 c5 2.d5 e5 3.c4 d6 4.Nc3 Be7 5.e4 Bg5 6.Bxg5 Qxg5 7.Nf3 Qd8 8.Qd2 a6
9.O-O-O Nf6 10.h3 Nbd7 11.g4 Qa5 12.g5 Nh5 13.Nh4 g6 14.Ng2 Rb8 15.Be2 b5
16.Bxh5 gxh5 17.cxb5 axb5 18.b3 c4 19.Nb1 b4 20.bxc4 Ba6 21.Qc2 b3 22.axb3 Nc5
23.Nd2 Qa3+ 24.Kb1 Nxb3 25.Qb2 Nxd2+ 26.Rxd2 Rxb2+ 27.Rxb2 O-O {#R} 0-1

[Event "It (open) (c)"]
[Site "masterchessopen.com - Polanica Zdroj (Poland)"]
[Date "2005.08.26"]
[Round "8"]
[White "Plotka Wojciech (POL)"]
[Black "Wiczynski Artur (POL)"]
[Result "1-0"]
[WhiteElo "2011"]
[BlackElo "1769"]

1.d4 c5 2.d5 e5 3.e4 d6 4.Nc3 a6 5.a4 f5 6.exf5 Bxf5 7.Bd3 Ne7 8.Bg5 Qd7 9.Nf3
g6 10.Bf6 Rg8 11.O-O Bg7 12.Bxg7 Rxg7 13.Qe2 Kf8 14.Nd2 Bxd3 15.Qxd3 Rf7
16.Nc4 Nc8 17.a5 Qe7 18.Rae1 Qc7 19.Ne4 Nd7 20.Ng5 Re7 21.Ne6+ Rxe6 22.dxe6
Nf6 23.f4 e4 24.Qc3 Ke7 25.f5 d5 26.fxg6 d4 27.Qh3 hxg6 28.Qh4 {#r} 1-0

[Event "It (open)"]
[Site "masterchessopen.com - Sunny Beach (Bulgaria)"]
[Date "2005.09.21"]
[Round "6"]
[White "Rusev Krasimir (BUL)"]
[Black "Georgiev Krum (BUL)"]
[Result "1-0"]
[WhiteElo "2434"]
[BlackElo "2464"]

1.d4 c5 2.d5 e5 3.e4 d6 4.Nc3 g6 5.Be2 h5 6.f4 exf4 7.Bxf4 Bh6 8.Qd2 a6 9.Nf3
Bg4 10.e5 Bxf3 11.Bxf3 dxe5 12.Bxh6 Nxh6 13.O-O-O Nd7 14.d6 Rb8 15.Nd5 Nf5
16.Nc7+ Kf8 17.Be4 Nd4 18.Rhf1 Kg7 19.Bd5 Nf6 20.Qg5 Qxd6 21.Ne6+ fxe6 22.Rxf6
Rh6 23.Rdf1 {#r} 1-0

[Event "It (open) \"]
[Site "masterchessopen.com - Berlin (Germany)"]
[Date "2005.10.04"]
[Round "4"]
[White "Giemsa Stephan (GER)"]
[Black "Bandow Alexander (GER)"]
[Result "1-0"]
[WhiteElo "2306"]
[BlackElo "2159"]

1.d4 c5 2.d5 e5 3.c4 d6 4.e4 f5 5.exf5 Bxf5 6.Bd3 e4 7.Bc2 Nf6 8.Nc3 Qe7
9.Nge2 Nbd7 10.O-O Bg4 11.h3 g5 12.hxg4 Nxg4 13.Nxe4 Qf7 14.N2g3 h5 15.Nxg5
{#r} 1-0

[Event "Ch Croatia (team) (w)"]
[Site "masterchessopen.com - Sibenik (Croatia)"]
[Date "2005.10.07"]
[Round "7"]
[White "Trtanj Tina (CRO)"]
[Black "Pahor Andrea (CRO)"]
[Result "1-0"]
[WhiteElo "2137"]
[BlackElo "2080"]

1.d4 c5 2.d5 e5 3.Nc3 d6 4.Nf3 Be7 5.h3 f5 6.e4 Nf6 7.Bb5+ Nbd7 8.Ng5 Nxe4
9.Ncxe4 fxe4 10.Ne6 Qb6 11.Nxg7+ Kf7 12.Qh5+ Kxg7 13.Bh6+ Kg8 14.Qg4+ Kf7
15.Qg7+ Ke8 16.Qxh8+ {#r} 1-0

[Event "Czech League 2005/06 (krajsky prebor)"]
[Site "masterchessopen.com - Czech Republic"]
[Date "2005.10.23"]
[Round "1"]
[White "Juptner Jan (CZE)"]
[Black "Martinovsky Miroslav"]
[Result "1-0"]
[WhiteElo "2236"]
[BlackElo "1935"]

1.d4 c5 2.d5 e5 3.e4 d6 4.Nc3 Be7 5.Nf3 Nf6 6.Be2 O-O 7.O-O Ne8 8.Nd2 f5
9.exf5 Bxf5 10.Bg4 Qd7 11.Bxf5 Qxf5 12.Nc4 Nd7 13.f4 h5 14.Rf3 e4 15.Ne3 Qh7
16.Rf1 Nc7 17.a4 a6 18.a5 b5 19.axb6 Nxb6 20.Ne2 Bf6 21.c3 Qg6 22.f5 Qf7
23.Nf4 Be5 24.Ng6 Rfe8 25.Qxh5 Qd7 26.f6 Bxf6 27.Rxf6 {#r} 1-0

[Event "It (open)"]
[Site "masterchessopen.com - Bad Wiessee (Germany)"]
[Date "2005.11.05"]
[Round "8"]
[White "Pfleger Michael (GER)"]
[Black "Bozic Milan (SRB)"]
[Result "1-0"]
[WhiteElo "2217"]
[BlackElo "2387"]

1.d4 c5 2.d5 e5 3.g3 d6 4.Bg2 Be7 5.f4 exf4 6.Bxf4 Bf6 7.Nc3 g5 8.Bd2 h6 9.e4
h5 10.e5 Bxe5 11.Nf3 Bg4 12.O-O h4 13.Nxe5 Bxd1 14.Nxf7 Qb6 15.Nxh8 Bh5 16.g4
Bxg4 17.Rae1+ Kd8 18.Rf8+ Kc7 19.Rxg8 h3 20.Re7+ Nd7 21.Rxa8 hxg2 22.a4 Qxb2
23.Nb5+ Kb6 24.Rxa7 Qxb5 25.axb5 Kxa7 26.Nf7 {#r} 1-0

[Event "Ch Hungary (team) 2005/06"]
[Site "masterchessopen.com - Hungary"]
[Date "2005.11.13"]
[Round "3"]
[White "Lukacs Peter (HUN)"]
[Black "Butunoi Alexandru (ROM)"]
[Result "1-0"]
[WhiteElo "2412"]
[BlackElo "2418"]

1.d4 c5 2.d5 e5 3.c4 d6 4.e4 g6 5.Nc3 Bg7 6.Be2 Ne7 7.g4 Na6 8.h4 f5 9.h5 f4
10.g5 gxh5 11.Bxh5+ Ng6 12.Nf3 Nc7 13.Ke2 Bd7 14.a4 O-O 15.Bd2 b6 16.Qg1 a6
17.Qh2 Qc8 18.Bxg6 hxg6 19.Qh7+ Kf7 20.Nh4 Bg4+ 21.f3 Bh5 22.Nf5 gxf5 23.Rxh5
fxe4 24.g6+ Ke8 25.Qxg7 exf3+ 26.Kxf3 Ra7 27.Qxf8+ {#r} 1-0

[Event "Czech League 2005/06 (1st) East"]
[Site "masterchessopen.com - Czech Republic"]
[Date "2005.11.27"]
[Round "3"]
[White "Kubala Martin (CZE)"]
[Black "Vesselovsky Serguei (CZE)"]
[Result "0-1"]
[WhiteElo "2390"]
[BlackElo "2409"]

1.d4 c5 2.d5 e5 3.c4 d6 4.e4 Nd7 5.Nc3 g6 6.Bd3 Bg7 7.Be3 Ne7 8.g4 f5 9.gxf5
O-O 10.Nge2 gxf5 11.exf5 e4 12.Bxe4 Nxf5 13.Bf4 Ne5 14.Qc2 Qh4 15.Bg3 Qh6
16.b3 Nd4 17.Nxd4 cxd4 18.Nb5 d3 19.Qd2 Qh5 20.O-O Nf3+ 21.Bxf3 Qxf3 22.Qg5
Bh3 23.Bxd6 Rf6 24.Nd4 Qe4 25.Rae1 Qg6 26.Re5 Rxd6 27.Rfe1 Bxe5 28.Rxe5 d2
{#R} 0-1

[Event "Ch Europe (active)"]
[Site "masterchessopen.com - Warsaw (Poland)"]
[Date "2005.12.18"]
[Round "10"]
[White "Luch Michal (POL)"]
[Black "Gasik Piotr (POL)"]
[Result "1-0"]
[WhiteElo "2378"]
[BlackElo "2144"]

1.d4 c5 2.d5 e5 3.e4 d6 4.Nc3 Be7 5.f4 exf4 6.Bxf4 g5 7.Be3 Nd7 8.Bb5 a6
9.Bxd7+ Bxd7 10.Nge2 Nh6 11.h3 g4 12.Bxh6 Bh4+ 13.g3 Qf6 14.Bf4 Bg5 15.Bxg5
Qxg5 16.h4 Qd8 17.Ng1 {#r} 1-0

[Event "It (open)"]
[Site "masterchessopen.com - Bajmok (Yugoslavia)"]
[Date "2005.12.27"]
[Round "3"]
[White "Horvat Stevica (SRB)"]
[Black "Mester Robert (SRB)"]
[Result "1-0"]
[WhiteElo "2070"]
[BlackElo "2009"]

1.d4 c5 2.d5 e5 3.e4 d6 4.c4 f5 5.Nc3 Nf6 6.Bd3 Be7 7.exf5 O-O 8.Nf3 Nbd7
9.Ng5 Qb6 10.Ne6 Rf7 11.O-O Nf8 12.Na4 Qa6 13.Nc7 Qa5 14.Nxa8 e4 15.Bc2 Bxf5
16.Nc3 Qd8 17.Re1 Qxa8 18.Nxe4 Nxe4 19.Bxe4 Bxe4 20.Rxe4 Bf6 21.Qe2 a5 22.Bf4
Qd8 23.Re1 a4 24.Re8 Qb6 25.Qe6 {#r} 1-0

[Event "It (open) (b)"]
[Site "masterchessopen.com - Nova Gorica (Slovenia)"]
[Date "2006.01.27"]
[Round "1"]
[White "Portelli Severino (ITA)"]
[Black "Skoberne Renato (SLO)"]
[Result "0-1"]
[WhiteElo "1758"]
[BlackElo "2121"]

1.d4 c5 2.d5 e5 3.e4 d6 4.Be2 Nf6 5.Nc3 a6 6.a4 b6 7.Nf3 Be7 8.O-O Nbd7 9.Ne1
Nf8 10.f4 exf4 11.Bxf4 Ng6 12.Bg3 Nd7 13.Nf3 Qc7 14.Kh1 Bf6 15.Qd2 O-O 16.h4
Nge5 17.Nxe5 Bxe5 18.Bxe5 Nxe5 19.Qg5 h6 20.Qg3 Qe7 21.Rf4 Ng6 22.Raf1 Nxf4
23.Rxf4 Qe5 24.Qf2 Bd7 25.Nd1 f5 {#R} 0-1

[Event "Ch France (team) 2006"]
[Site "masterchessopen.com - France"]
[Date "2006.02.04"]
[Round "2"]
[White "Cramling Pia (SWE)"]
[Black "Gregoire Sylvain (FRA)"]
[Result "1-0"]
[WhiteElo "2528"]
[BlackElo "2288"]

1.d4 c5 2.d5 e5 3.e4 d6 4.Nc3 a6 5.f4 exf4 6.Bxf4 g5 7.Bg3 Bg7 8.Nf3 Bg4 9.Qd2
Bxf3 10.gxf3 Qe7 11.h4 h6 12.hxg5 hxg5 13.Rxh8 Bxh8 14.Qh2 Bd4 15.Bxd6 Qf6
16.Ne2 Bxb2 17.e5 Qxf3 18.Bg2 Qf5 19.Qh8 Qg6 20.Rb1 {#r} 1-0

[Event "It (open)"]
[Site "masterchessopen.com - Moscow (Russia)"]
[Date "2006.02.05"]
[Round "8"]
[White "Nechepurenko Roman V (RUS)"]
[Black "Vorobiov Evgeny E (RUS)"]
[Result "1-0"]
[WhiteElo "2479"]
[BlackElo "2555"]

1.d4 c5 2.d5 e5 3.Nc3 d6 4.e4 Nd7 5.Be2 Ne7 6.Nf3 g6 7.h4 h5 8.Be3 a6 9.a4 Bg7
10.Nd2 O-O 11.Nc4 Nb6 12.a5 Nxc4 13.Bxc4 f5 14.Bxc5 dxc5 15.d6+ Kh7 16.dxe7
Qxe7 17.Nd5 Qd8 18.Nb6 Qf6 19.Nxa8 fxe4 20.O-O Qxh4 21.Nb6 Bh3 22.Ra3 Bg4
23.Be2 Bh6 24.Nd5 Rf5 25.Rg3 Bf4 26.Bxg4 hxg4 27.Nxf4 {#r} 1-0

[Event "Memorial Brinzeu (open)"]
[Site "masterchessopen.com - Timishoara (Romania)"]
[Date "2006.03.23"]
[Round "6"]
[White "Mateuta Gabriel (ROM)"]
[Black "Ungureanu Emil (ROM)"]
[Result "1-0"]
[WhiteElo "2468"]
[BlackElo "2254"]

1.d4 c5 2.d5 e5 3.e4 d6 4.Bb5+ Nd7 5.a4 a6 6.Bd3 b6 7.Ne2 Be7 8.O-O Bg5 9.Nd2
Nf8 10.Rb1 Qc7 11.f4 exf4 12.Nxf4 Bxf4 13.Rxf4 Ng6 14.Rf1 Nf6 15.h3 Bd7 16.b3
b5 17.Bb2 Ne5 18.Qe2 Rb8 19.axb5 axb5 20.Nf3 O-O 21.Nxe5 dxe5 22.c4 bxc4
23.Bxc4 Qd6 24.Ra1 Bc8 25.Qd3 Nd7 26.Ra5 Nb6 27.Ba3 {#r} 1-0

[Event "Ch France (team) 2006"]
[Site "masterchessopen.com - France"]
[Round "5"]
[White "Karr Jean-Philippe (FRA)"]
[Black "Gregoire Sylvain (FRA)"]
[Result "1-0"]
[WhiteElo "2403"]
[BlackElo "2288"]

1.d4 c5 2.d5 e5 3.e4 d6 4.Nc3 Be7 5.f4 exf4 6.Bxf4 Bh4+ 7.g3 Bf6 8.Nb5 Bxb2
9.Bxd6 Qa5+ 10.Kf2 Nf6 11.Kg2 Na6 12.Nf3 Bd7 13.a4 Bg4 14.Rb1 Bd4 15.Nbxd4
cxd4 16.Bb5+ Nd7 17.Qxd4 f6 18.e5 Bxf3+ 19.Kxf3 O-O-O 20.Bxa6 {#r} 1-0

[Event "Ch Russia (juniors) (under 14) (g)"]
[Site "masterchessopen.com - Dagomys (Russia)"]
[Round "6"]
[White "Savina Anastasia (RUS)"]
[Black "Korchagina Viktoria (RUS)"]
[Result "1-0"]
[WhiteElo "2140"]
[BlackElo "2091"]

1.d4 c5 2.d5 e5 3.e4 d6 4.Be2 a6 5.a4 g6 6.Nf3 Bg4 7.Nfd2 Bxe2 8.Qxe2 h5 9.Nc3
Bh6 10.Nc4 Bxc1 11.Rxc1 Kf8 12.O-O Nf6 13.f4 exf4 14.Rxf4 Ng4 15.Rcf1 Rh7
16.Qf3 Qc7 17.h3 Ne5 18.Nxe5 dxe5 19.Rf6 Rg7 20.d6 Qd7 21.Nd5 Ra7 22.Ne7 Qe8
23.Nxg6+ Kg8 24.Ne7+ {#r} 1-0

[Event "Ch France (team) 2006"]
[Site "masterchessopen.com - France"]
[Date "2006.04.02"]
[Round "7"]
[White "Azzam Ameziane (FRA)"]
[Black "Bokias Iannis (FRA)"]
[Result "0-1"]
[WhiteElo "1951"]
[BlackElo "2090"]

1.d4 c5 2.d5 e5 3.e4 d6 4.Nc3 Be7 5.Nf3 Bg4 6.Be2 Bxf3 7.Bxf3 a6 8.a4 b6 9.O-O
Bg5 10.Be2 Nd7 11.f4 Bxf4 12.Bxf4 exf4 13.Rxf4 Ne5 14.Qf1 Qc8 15.Nd1 Nh6
16.Ne3 O-O 17.Rh4 Qd8 18.Rh3 Qg5 19.Bxa6 f5 20.exf5 Nxf5 21.Bd3 Nh4 22.Qe2 Rf4
23.Rg3 Qf6 24.b3 Nxd3 {#R} 0-1

[Event "Ch Mittelfranken (team) (B1) 2005/06"]
[Site "masterchessopen.com - Germany"]
[Date "2006.04.02"]
[Round "8"]
[White "Thuerauf Peter (GER)"]
[Black "Vogt Peter"]
[Result "1-0"]
[WhiteElo "2005"]
[BlackElo "1870"]

1.d4 c5 2.d5 e5 3.Nc3 d6 4.e4 a6 5.a4 f5 6.Nf3 Nf6 7.Bd3 g6 8.O-O Bg7 9.exf5
gxf5 10.Ng5 Qe7 11.Re1 O-O 12.Bc4 Kh8 13.Ra3 h6 14.Nf3 Nh7 15.g3 Nd7 16.Nh4
Qf7 17.Rb3 Ndf6 18.f3 Ng5 19.Rb6 Rd8 20.Kg2 h5 21.Bxg5 {#r} 1-0

[Event "It (open)"]
[Site "masterchessopen.com - Malakoff (France)"]
[Date "2006.04.09"]
[Round "3"]
[White "Pira Davoud (FRA)"]
[Black "Lesage Thierry (FRA)"]
[Result "1-0"]
[WhiteElo "2398"]
[BlackElo "1746"]

1.d4 c5 2.d5 e5 3.Nc3 d6 4.e4 Nf6 5.Bb5+ Bd7 6.a4 a6 7.Bc4 Be7 8.Qe2 O-O 9.h3
Ne8 10.Nf3 f5 11.Nxe5 dxe5 12.d6+ Kh8 13.dxe7 Qxe7 14.Nd5 Qd8 15.exf5 Bxf5
16.O-O Nc6 17.c3 b5 18.axb5 axb5 19.Rxa8 Qxa8 20.Bxb5 Be6 21.Nb6 Qb7 22.Na4
Nc7 23.Nxc5 Qxb5 24.Qxb5 Nxb5 25.Nxe6 Re8 26.Nc5 {#r} 1-0

[Event "Ch Romania (juniors) (under 16)"]
[Site "masterchessopen.com - Predeal (Romania)"]
[Date "2006.04.17"]
[Round "7"]
[White "Dobre Florin-Iulian (ROM)"]
[Black "Nitelea Barbu Alexandru (ROM)"]
[Result "0-1"]
[WhiteElo "1991"]
[BlackElo "1923"]

1.d4 c5 2.d5 e5 3.e4 d6 4.Nc3 Be7 5.Bb5+ Nd7 6.f4 Bf6 7.Nf3 exf4 8.Bxf4 Qe7
9.O-O a6 10.Bxd6 Qxd6 11.e5 Bxe5 12.Nxe5 Qxe5 13.Re1 axb5 14.Nxb5 Kd8 15.Rxe5
Nxe5 16.Qh5 Ng6 17.d6 f5 18.g4 Ra4 19.g5 Rg4+ 20.Kh1 Bd7 21.h3 Bc6+ 22.Kh2
Rg2+ 23.Kh1 Rxg5+ {#R} 0-1

[Event "It (open)"]
[Site "masterchessopen.com - Salon de Provence (France)"]
[Date "2006.04.25"]
[Round "2"]
[White "Wolfangel Claude (FRA)"]
[Black "Petrossian Armen (FRA)"]
[Result "0-1"]
[WhiteElo "1825"]
[BlackElo "2345"]

1.d4 c5 2.d5 e5 3.e4 d6 4.c4 Be7 5.Nc3 Bg5 6.Bxg5 Qxg5 7.Nf3 Qe7 8.a3 Nh6
9.Be2 O-O 10.b4 Nd7 11.Nb5 a6 12.Nc3 f5 13.Nd2 b6 14.Nb3 Nf6 15.f3 fxe4
16.fxe4 Nfg4 17.Bf3 Qh4+ 18.g3 Qf6 19.Nd2 Ne3 {#R} 0-1

[Event "It (open) \"]
[Site "masterchessopen.com - Berlin (Germany)"]
[Date "2006.05.25"]
[Round "2"]
[White "Gebigke Martin (GER)"]
[Black "Semme Lothar (GER)"]
[Result "1-0"]
[WhiteElo "2189"]
[BlackElo "1909"]

1.d4 c5 2.d5 e5 3.e4 d6 4.Nc3 g6 5.Nf3 a6 6.a4 Be7 7.Be2 f5 8.exf5 Bxf5 9.Nd2
Nd7 10.g4 Bxc2 11.Qxc2 Bg5 {#r} 1-0

[Event "It (open) (a)"]
[Site "masterchessopen.com - Voronezh (Russia)"]
[Date "2006.06.21"]
[Round "9"]
[White "Guseva Olga (RUS)"]
[Black "Vrublevskaya Olga (RUS)"]
[Result "1-0"]
[WhiteElo "2255"]
[BlackElo "2163"]

1.d4 c5 2.d5 e5 3.Nc3 d6 4.e4 Nd7 5.Nf3 g6 6.Nd2 Bg7 7.Nc4 Ndf6 8.f4 Nh5 9.Qf3
a6 10.fxe5 dxe5 11.a4 Qf6 12.Be3 Bf8 13.Qxf6 Ngxf6 14.Nxe5 Ng4 15.Nxg4 Bxg4
16.Be2 Bxe2 17.Kxe2 Bd6 18.Raf1 Bxh2 19.Rxh2 Ng3+ 20.Ke1 Nxf1 21.Kxf1 Rc8
22.e5 f5 23.Bg5 Kd7 {#r} 1-0

[Event "Ch City"]
[Site "masterchessopen.com - Milanowek (Poland)"]
[Date "2006.06.28"]
[Round "5"]
[White "Rudolf Michal (POL)"]
[Black "Rytarowski Kamil (POL)"]
[Result "1-0"]
[WhiteElo "2431"]
[BlackElo "2008"]

1.d4 c5 2.d5 e5 3.e4 d6 4.Nc3 Nf6 5.f4 exf4 6.Bxf4 Be7 7.Nf3 O-O 8.Nd2 Bg4
9.Be2 Bxe2 10.Qxe2 Na6 11.O-O Re8 12.Nc4 Nc7 13.a4 Qd7 14.Qf3 b5 15.axb5 Nxb5
16.Nxb5 Qxb5 17.b3 Red8 18.Ne3 a5 19.Nf5 Qe8 20.e5 dxe5 21.Bxe5 Bf8 22.Bxf6
gxf6 23.Rae1 Qd7 24.d6 Kh8 25.Qc3 Bg7 26.Nxg7 Kxg7 27.Qxf6+ Kg8 28.Re7 {#r}
1-0

[Event "Ch MinPros (b)"]
[Site "masterchessopen.com - Nizhnij Novgorod (Russia)"]
[Round "0"]
[White "Vastrukhin Oleg (RUS)"]
[Black "Paushkin Nikita (RUS)"]
[Result "0-1"]
[WhiteElo "2194"]
[BlackElo "2084"]

1.d4 c5 2.d5 e5 3.e4 d6 4.Nc3 g6 5.Nf3 Bg7 6.Bb5+ Nd7 7.a4 Ne7 8.O-O O-O 9.Nd2
f5 10.Bxd7 Bxd7 11.Nc4 Nc8 12.f4 exf4 13.Bxf4 g5 14.Bxd6 Nxd6 15.Nxd6 f4
16.Nc4 g4 17.e5 Qh4 18.e6 Bd4+ 19.Kh1 Be8 20.Rxf4 Rxf4 21.g3 Qh3 22.Ne5 Rf2
23.Qxg4+ Qxg4 24.Nxg4 Rxc2 25.Nb5 Bxb5 26.axb5 Bxb2 27.Ne3 {#R} 0-1

[Event "It (open)"]
[Site "masterchessopen.com - Izmir (Turkey)"]
[Date "2006.08.11"]
[Round "2"]
[White "Sanikidze Tornike (GEO)"]
[Black "Yilmazyerli Mert (TUR)"]
[Result "1-0"]
[WhiteElo "2418"]
[BlackElo "2065"]

1.d4 c5 2.d5 e5 3.c4 d6 4.Nc3 Be7 5.Nf3 f5 6.e4 Nf6 7.exf5 Bxf5 8.Bd3 e4 9.Nh4
Bc8 10.Be2 Ng8 11.Bh5+ Kf8 12.g3 Bxh4 13.gxh4 Qxh4 14.Be3 a6 15.Be2 Qe7 16.Qc2
Nf6 17.Bg5 Bf5 18.f3 Nbd7 19.Rg1 b5 20.O-O-O h6 21.Bf4 Ne5 22.fxe4 Bh7 23.cxb5
axb5 24.Bxb5 Nf3 25.Rgf1 Nd4 26.Qd3 g5 27.Be3 Nxb5 28.Rxf6+ {#r} 1-0

[Event "It (open)"]
[Site "masterchessopen.com - Barcelona (Spain)"]
[Date "2006.08.28"]
[Round "4"]
[White "Almeida Omar (CUB)"]
[Black "Fontanillas Sanchez Joan (ESP)"]
[Result "1-0"]
[WhiteElo "2500"]
[BlackElo "2034"]

1.d4 c5 2.d5 e5 3.e4 d6 4.Nc3 a6 5.a4 Nf6 6.Be2 Be7 7.Nf3 O-O 8.O-O Ne8 9.Nd2
Bg5 10.Nc4 Bxc1 11.Qxc1 g6 12.f4 f6 13.a5 Nd7 14.f5 g5 15.Na4 Qe7 16.Ra3 Nc7
17.Rb3 Nb5 18.c3 Ra7 19.Qe3 Nb8 20.Kf2 Bd7 21.Nab6 Nc7 22.h4 h6 23.Rh1 Kg7
24.Ra3 Bb5 25.Qh3 Rh8 26.hxg5 fxg5 27.Nc8 {#r} 1-0

[Event "It (open)"]
[Site "masterchessopen.com - Vitoria (Brazil)"]
[Date "2006.09.08"]
[Round "4"]
[White "Abreu Guilherme (BRA)"]
[Black "Ramon Vivian (CUB)"]
[Result "1-0"]
[WhiteElo "2086"]
[BlackElo "2223"]

1.d4 c5 2.d5 e5 3.c4 d6 4.Nc3 Be7 5.Nf3 Bg4 6.Qa4+ Nd7 7.g3 f5 8.h3 Bh5 9.Be3
g5 10.O-O-O Kf8 11.h4 Bxf3 12.exf3 gxh4 13.Bd3 hxg3 14.Bxf5 Nb6 15.Qc2 Nxc4
16.Be6 Nxe3 17.fxe3 Bg5 18.Rxh7 Rxh7 19.Qxh7 Nh6 20.Ne4 Bxe3+ 21.Kb1 Qe8
22.Qh8+ Ng8 23.Qxg8+ Ke7 24.Qg7+ Kd8 25.Nxd6 Qe7 26.Nxb7+ Ke8 27.Qg8+ Qf8
28.Qg6+ {#r} 1-0

[Event "Ch City"]
[Site "masterchessopen.com - Dublin (Ireland)"]
[Date "2006.09.09"]
[Round "2"]
[White "Mcphillips Karl (IRL)"]
[Black "Madynski Pawel (POL)"]
[Result "1-0"]
[WhiteElo "2208"]
[BlackElo "2178"]

1.d4 c5 2.d5 e5 3.e4 d6 4.c4 Be7 5.Nf3 f5 6.exf5 Bxf5 7.Nc3 Nf6 8.Be2 O-O
9.O-O Ne4 10.Nxe4 Bxe4 11.Nd2 Bg6 12.Qb3 b6 13.Bd3 Bxd3 14.Qxd3 Bg5 15.Ne4
Bxc1 16.Raxc1 Qc7 17.Qh3 Re8 18.Rc3 Na6 19.Rg3 Rad8 20.Re1 Nb8 21.Ree3 Kh8
22.Ref3 Qd7 23.Qh4 Qa4 24.h3 Qd7 25.Ng5 g6 26.Nf7+ Kg8 27.Qf6 {#r} 1-0